Catálogo público

Normal view MARC view

Entry Nombre de reunión

Number of records used in: 2

001 - NÚMERO DE CONTROL

  • campo de control: 106461

003 - IDENTIFICADOR DEL NÚMERO DE CONTROL

  • campo de control: OSt

005 - FECHA Y HORA DE LA ÚLTIMA TRANSACCIÓN

  • campo de control: 20230628120806.0

008 - DATOS DE LONGITUD FIJA

  • campo de control de longitud fija: 971017|| aznnnabb| un and |u

040 ## - FUENTE DE LA CATALOGACIÓN

  • Centro catalogador/agencia de origen: OSt
  • Centro/agencia transcriptor: OSt

111 00 - ENCABEZAMIENTO--NOMBRE DE CONGRESO/REUNIÓN

  • Nombre de congreso/reunión o jurisdicción como elemento de entrada: Simposium Internacional sobre Sistemas de Producción en Cítricos
  • Número del congreso/reunión o número de parte o sección: (3 :
  • Fecha del congreso/reunión: 1994 nov 23 y 25 :
  • Sede del congreso/Lugar de la reunión: Martínez de la Torre, Ver.)